Géographie: Le jeu des frontières #2 - Statistiques

Statistiques générales
  • Ce quiz a été pris 177 fois
  • Le résultat moyen est 48 sur 64
Statistiques - réponses
Question Tuile Select % Correct
entre l'Afrique du Sud et l'Éthiopie Zambie Non
96%
entre l'Afrique du Sud et l'Éthiopie Angola Non
93%
entre l'Afrique du Sud et l'Éthiopie Botswana Non
90%
entre l'Afrique du Sud et l'Éthiopie Ouganda Non
90%
entre l'Indonésie et l'Afghanistan Laos Non
89%
entre l'Indonésie et l'Afghanistan Timor Oriental Non
89%
entre l'Afrique du Sud et l'Éthiopie Éthiopie Oui
88%
entre l'Indonésie et l'Afghanistan Brunei Non
88%
entre le Portugal et l'Estonie Andorre Non
87%
entre l'Indonésie et l'Afghanistan Bhoutan Non
87%
entre l'Afrique du Sud et l'Éthiopie Lesotho Non
87%
entre l'Afrique du Sud et l'Éthiopie Malawi Non
86%
entre l'Afrique du Sud et l'Éthiopie Eswatini Non
85%
entre le Portugal et l'Estonie Hongrie Non
85%
entre l'Afrique du Sud et l'Éthiopie Namibie Non
85%
entre le Portugal et l'Estonie Slovénie Non
85%
entre les États-Unis et la Bolivie Argentine Non
84%
entre le Portugal et l'Estonie Autriche Non
84%
entre l'Afrique du Sud et l'Éthiopie Somalie Non
84%
entre le Portugal et l'Estonie Biélorussie Non
83%
entre les États-Unis et la Bolivie Cuba Non
83%
entre l'Indonésie et l'Afghanistan Népal Non
83%
entre les États-Unis et la Bolivie Paraguay Non
83%
entre l'Afrique du Sud et l'Éthiopie R.D.Congo Non
83%
entre les États-Unis et la Bolivie Bahamas Non
82%
entre les États-Unis et la Bolivie Canada Non
82%
entre l'Afrique du Sud et l'Éthiopie Soudan du Sud Non
81%
entre l'Indonésie et l'Afghanistan Afghanistan Oui
80%
entre l'Indonésie et l'Afghanistan Iran Non
80%
entre le Portugal et l'Estonie Italie Non
80%
entre les États-Unis et la Bolivie Salvador Non
80%
entre l'Indonésie et l'Afghanistan Bangladesh Non
79%
entre le Portugal et l'Estonie Estonie Oui
79%
entre l'Afrique du Sud et l'Éthiopie Afrique du Sud Oui
78%
entre les États-Unis et la Bolivie Belize Non
77%
entre les États-Unis et la Bolivie Bolivie Oui
76%
entre les États-Unis et la Bolivie Équateur Non
76%
entre l'Afrique du Sud et l'Éthiopie Mozambique Oui
76%
entre les États-Unis et la Bolivie Brésil Non
75%
entre l'Afrique du Sud et l'Éthiopie Kenya Oui
74%
entre l'Afrique du Sud et l'Éthiopie Tanzanie Oui
73%
entre les États-Unis et la Bolivie États-Unis Oui
71%
entre l'Indonésie et l'Afghanistan Birmanie Non
71%
entre le Portugal et l'Estonie Espagne Oui
71%
entre le Portugal et l'Estonie France Oui
71%
entre l'Indonésie et l'Afghanistan Malaisie Non
71%
entre l'Indonésie et l'Afghanistan Indonésie Oui
70%
entre le Portugal et l'Estonie Portugal Oui
70%
entre l'Indonésie et l'Afghanistan Pakistan Oui
69%
entre l'Indonésie et l'Afghanistan Thaïlande Non
69%
entre l'Indonésie et l'Afghanistan bateau Oui
67%
entre l'Indonésie et l'Afghanistan Chine Non
65%
entre le Portugal et l'Estonie Suisse Non
65%
entre le Portugal et l'Estonie Pologne Oui
63%
entre les États-Unis et la Bolivie avion Non
60%
entre le Portugal et l'Estonie Lettonie Oui
59%
entre les États-Unis et la Bolivie Mexique Oui
55%
entre l'Indonésie et l'Afghanistan Inde Oui
52%
entre les États-Unis et la Bolivie Guatemala Oui
49%
entre le Portugal et l'Estonie Lituanie Oui
49%
entre les États-Unis et la Bolivie bateau Oui
44%
entre les États-Unis et la Bolivie Pérou Oui
43%
entre le Portugal et l'Estonie Allemagne Non
39%
entre le Portugal et l'Estonie bateau Oui
28%
Aucun quiz correspondant
Distribution des résultats
% des personnes avec chaque résultat
Percentile par nombre de réponses
Votre historique - résultats
Vous n’avez pas pris ce quiz